Sociální aspekty ekonomické reformy
Sociálne aspekty ekonomickej reformy Českej republiky. Vývoj nezamestnanosti v jednotlivých regiónoch. Novozaradení uchádzači o zamestnanie do rekvalifikácie v r.1993 a 1994. Zameranie rekvalifikačných kurzov. Dôchodková politika. Základné ciele a smery transformácie sústavy dôchodkového zabezpečeni...
Uložené v:
| Hlavný autor: | |
|---|---|
| Médium: | Kapitola |
| Jazyk: | Czech |
| Predmet: | |
| Tagy: |
Žiadne tagy, Buďte prvý, kto otaguje tento záznam!
|
MARC
| LEADER | 00000naa a2200000 4500 | ||
|---|---|---|---|
| 001 | r024097 | ||
| 005 | 20221213082731.6 | ||
| 041 | 0 | |a cze | |
| 044 | |a CZ | ||
| 245 | 1 | 0 | |a Sociální aspekty ekonomické reformy |c J. Vodička |
| 520 | |a Sociálne aspekty ekonomickej reformy Českej republiky. Vývoj nezamestnanosti v jednotlivých regiónoch. Novozaradení uchádzači o zamestnanie do rekvalifikácie v r.1993 a 1994. Zameranie rekvalifikačných kurzov. Dôchodková politika. Základné ciele a smery transformácie sústavy dôchodkového zabezpečenia boli vytýčené programom sociálnej reformy v r.1990. Ciele navrhovanej zásadnej reformy a dosiahnutie jej realizácie postupnými zmenami. Pripravovaná novela zákona o životnom minime. Mzdová politika v r.1994 a zámery v r.1995. | ||
| 610 | 2 | 0 | |a politika hospodárska |
| 610 | 2 | 0 | |a Česko |
| 610 | 2 | 0 | |a politika sociálna |
| 610 | 2 | 0 | |a nezamestnanosť |
| 610 | 2 | 0 | |a rekvalifikácia |
| 610 | 2 | 0 | |a programy sociálne |
| 610 | 2 | 0 | |a politika dôchodková |
| 610 | 2 | 0 | |a reformy sociálne |
| 610 | 2 | 0 | |a minimum existenčné |
| 610 | 2 | 0 | |a politika mzdová |
| 610 | 2 | 0 | |a 1994 |
| 610 | 2 | 0 | |a 1995 |
| 100 | 1 | |a Vodička, J. | |